| 000 | 01037 a2200361 4500 | ||
|---|---|---|---|
| 999 |
_c200001273 _d28570 |
||
| 001 | 200001273 | ||
| 003 | TR-AnTOB | ||
| 005 | 20200629180604.0 | ||
| 008 | 100726s2008 tu 000 0 | ||
| 020 | _a9789755534916 | ||
| 020 | _a9755534911 | ||
| 035 | _aNLT01 | ||
| 040 |
_aTR-AnTOB _cTR-AnTOB |
||
| 041 | _atur | ||
| 050 | 1 | 4 |
_aBD336 _b.D46 2008 |
| 090 | _aBD 336 .D46 2008 | ||
| 100 | 1 |
_aDenkel, Arda _948896 |
|
| 245 | 0 |
_aNesne ve özellik / _cArda Denkel ; ingilzceden çeviren Celal A. Kanat. |
|
| 264 | 1 |
_aİstanbul : _bDoruk Yayıncılık, _c2008. |
|
| 300 |
_a336 s. ; _c22 cm. |
||
| 490 | 0 | _aDoruk Yayımcılık / Felsefe | |
| 504 | _aKaynakça ve dizin var. | ||
| 530 | _aKarton kapak (Paperback) | ||
| 650 | 7 |
_aNeden _2etuturkob _969568 |
|
| 650 | 0 |
_aCausation _969569 |
|
| 650 |
_aEssentialism (Philosophy) _969567 |
||
| 650 |
_aÖzcülük (Felsefe) _969566 |
||
| 650 |
_aObject (Philosophy) _969565 |
||
| 650 |
_aNesne (Felsefe) _969564 |
||
| 700 |
_aKanat, Celal A. _969563 |
||
| 942 |
_cBK _2lcc |
||